| 000 | 01112cam a22003011i 4500 | ||
|---|---|---|---|
| 001 | 15292001 | ||
| 003 | EG-ScBUE | ||
| 005 | 20260120094346.0 | ||
| 008 | 080507s2008 enka f b 001 0 eng d | ||
| 020 | _a9780521729543 (pbk.) | ||
| 035 | _a(OCoLC)ocn191891556 | ||
| 040 |
_aUKM _beng _erda _cUKM _dYDXCP _dBAKER _dBTCTA _dDLC _dEG-ScBUE |
||
| 082 | 0 | 4 |
_a551.1 _222 _bANI |
| 245 | 0 | 3 |
_aAn introduction to our dynamic planet / _cedited by Nick Rogers ; authors Stephen Blake [and five others] |
| 264 | 1 |
_aCambridge : _bThe Open University, _c2008. |
|
| 300 |
_a390 pages : _billustrations (some color), maps ; _c27 cm |
||
| 336 |
_2rdacontent _atext _btxt |
||
| 337 |
_aunmediated _2rdamedia _bn |
||
| 338 |
_avolume _bnc _2rdacarrier |
||
| 504 | _aIncludes bibliographical references and index. | ||
| 650 | 7 |
_aEarth sciences. _2BUEsh _94145 |
|
| 651 | 7 |
_aEarth _xInternal structure. _2BUEsh _94146 |
|
| 655 | _vReading book | ||
| 700 | 1 |
_aRogers, N. W., _eeditor. _94147 |
|
| 700 | 1 |
_aBlake, Stephen, _eauthor. |
|
| 856 | 4 | 1 |
_3Table of contents _uhttp://www.loc.gov/catdir/toc/fy0804/2008273534.html |
| 942 |
_2ddc _cBB |
||
| 999 |
_c11403 _d11403 |
||